| 000 | 01206nam a2200337 c 4500 | ||
|---|---|---|---|
| 003 | BLK | ||
| 005 | 20180420215106.0 | ||
| 008 | 180413b bul|||||r ||||||| ||bul|| | ||
| 010 | _aKNG00017595000 | ||
| 020 |
_a954-8150-65-4 _bиздат.: Сиби |
||
| 040 | _aBLK | ||
| 041 |
_aBUL _cBUL |
||
| 080 |
_aВещни права. Вещи. Имущества _b347.2 _x(497.2) _z347.2(497.2) |
||
| 100 | 1 |
_aЗапрянов, Асен _eпърви автор _9260577 |
|
| 139 |
_aЗапрянов, Асен _bЗ 33 |
||
| 245 | 1 | 0 |
_aАктуални студии по вещно право _cАсен Запрянов. |
| 257 | _aBGR | ||
| 260 |
_аСофия _bСиби _c1997 |
||
| 300 |
_a80 с. _c20 см |
||
| 380 | _a3 | ||
| 500 | _aОфс. изд. - 2 200 тир. - Библиогр. под линия | ||
| 650 | 4 |
_aВещно право - България _9242353 |
|
| 650 | 4 |
_aНедвижима собственост - България - правни въпроси _9252359 |
|
| 653 | _aстудии | ||
| 653 | _aправо | ||
| 852 | _aЦб 192384 | ||
| 856 | 4 |
_qpdf _u |
|
| 856 | 4 |
_qpdf _u |
|
| 942 |
_cKNG _n0 |
||
| 944 |
_aCR _c15.01.2003 _kКети_Илиева |
||
| 944 |
_aED _c18.08.2015 _kВаля_Йорданова |
||
| 999 |
_c15791 _d15791 |
||